El Contrato de trabajo como lm̕ite al poder del empresario

Detalles Bibliográficos
Autor principal: Santos Fernǹdez, M® Dolores
Formato: Libro
Lenguaje:español
Publicado: Albacete : Bomarzo, 2005
Materias:
Acceso en línea:Acceso restringido

MARC

LEADER 00000nam a2200000 a 4500
005 2011112301311.0
007 cr|||| ||||
008 051005s2005 sp |||||| 000 ||spa|c
017 |a DL AB. 297-2005 
020 |a 848697769X 
035 |a 5779 
040 |d vLex 
090 |c 2780  |d 2780 
100 1 |a Santos Fernǹdez, M® Dolores 
245 1 3 |a El Contrato de trabajo como lm̕ite al poder del empresario  |h [Recurso electrn̤ico] /  |c M® Dolores Santos Fernǹdez 
256 |a Servicio en ln̕ea 
260 |a Albacete :  |b Bomarzo,  |c 2005 
300 |a 1 recurso electrn̤ico 
506 1 |a Contenido solo disponible en los productos indicados  |d vLex Global   |d vLex Global (Academic Edition, excluding Law Schools)   |d vLex Global (U.S. Academic Edition, Law Schools)   |d vLex Global (U.S. Academic Edition, excluding Law Schools)   |d vLex Global (Academic Edition, Law Schools)  
650 0 4 |a Contratos bilaterales 
650 0 4 |a Contratos de trabajo  |z Espaą 
740 0 |a vLex Libros (Servicio en ln̕ea) 
856 4 0 |u http://vlex.com/source/contrato-trabajo-limite-poder-empresario-5779  |z Acceso restringido 
942 |c BOOK